| 000 | 00413nam a2200157Ia 4500 | ||
|---|---|---|---|
| 008 | 160316s1995 xxu||||| |||| 00| 0 eng d | ||
| 082 |
_a344.046000 _bPRO |
||
| 100 | _a | ||
| 245 | _aProgram of action on marine and coasta biodiversity Jakarta mandate from second COP 1995 | ||
| 250 | _a | ||
| 260 |
_a _b _c1995 |
||
| 300 |
_a104 _b _c |
||
| 365 | _b | ||
| 650 | _a1. Biodiversity 2. Fisheries | ||
| 700 |
_a _a |
||
| 999 |
_c37011 _d37011 |
||